Data science /

Dettagli Bibliografici
Autori principali: Kelleher, John D., 1974- (Autore), Tierney, Brendan, 1970- (Autore)
Natura: Libro
Lingua:English
Pubblicazione: Cambridge, Massachusetts : The MIT Press, c2018.
Serie:The MIT Press essential knowledge series
Soggetti:
Classic Catalogue: View this record in Classic Catalogue
LEADER 01616nam a2200385 i 4500
001 44489
003 BD-DhAAL
005 20250720165157.0
008 250720t2018 maua b 001 0 eng d
010 |a  2017043665 
020 |a 9780262535434 
035 |a 20044432 
040 |a DLC  |b eng  |c DLC  |e rda  |d DLC  |d BD-DhAAL 
042 |a pcc 
050 0 0 |a QA76.9.B45  |b K45 2018 
082 0 0 |a 005.7  |2 23 
100 1 |a Kelleher, John D.,  |d 1974-  |e author.  |9 58784 
245 1 0 |a Data science /  |c John D. Kelleher and Brendan Tierney. 
260 |a Cambridge, Massachusetts :  |b The MIT Press,  |c c2018. 
300 |a xi, 264 pages :  |b illustrations ;  |c 18 cm 
490 0 |a The MIT Press essential knowledge series. 
504 |a Includes bibliographical references and index. 
541 |a Donated by Farhana Zahir, Assistant Professor, BRAC Business School  |e 44489 
650 0 |a Big data. 
650 0 |a Machine learning. 
650 0 |a Data mining. 
650 0 |a Quantitative research. 
650 0 |a Computer science. 
700 1 |a Tierney, Brendan,  |d 1970-  |e author.  |9 58785 
830 |a The MIT Press essential knowledge series  |9 58786 
852 |a Ayesha Abed Library  |c General Stacks 
942 |2 ddc  |c BK 
955 |b rk09 2017-10-03  |i rk09 2017-10-03  |a xn11 2018-06-14 1 copy rec'd., to CIP ver. 
999 |c 47326  |d 47326 
952 |0 0  |1 0  |2 ddc  |4 0  |6 005_700000000000000_KEL  |7 0  |9 77861  |a BRACUL  |b BRACUL  |c NEW  |d 2025-07-20  |e Donated by Farhana Zahir, Assistant Professor, BRAC Business School  |l 1  |m 17  |o 005.7 KEL  |p 3010044489  |r 2026-01-05  |s 2025-08-14  |t 1  |w 2025-07-20  |y BK  |x Donated by Farhana Zahir, Assistant Professor, BRAC Business School